000 00631nam a2200229Ia 4500
005 20231116110514.0
008 131103s9999 xx 000 0 und d
020 _a8178351242
_cRs 525
040 _aLoreto College
041 _aEnglish
082 _a323
_bGOV
245 _aGovernance and Human Rights
_cEdited by Bharat Jhunjhunwala
260 _aDelhi
_bKalpaz Publications
_c2002
300 _a260p
504 _aIncludes bibliographical references and index
630 _aPublic Administration
650 _aSociology
651 _aHuman Rights
700 _aJhunjhunwala, Bharat
850 _aLCLIB
942 _cBK
999 _c4550
_d55029